Normal view
MARC view
Entry Personal Name
001 - CONTROL NUMBER
- control field: 35030
003 - CONTROL NUMBER IDENTIFIER
- control field: OSt
005 - DATE AND TIME OF LATEST TRANSACTION
- control field: 20230113115753.0
008 - FIXED-LENGTH DATA ELEMENTS
- fixed length control field: 230113|| aca||aabn | a|a d
040 ## - CATALOGING SOURCE
- Original cataloging agency: OSt
- Transcribing agency: OSt
100 ## - HEADING--PERSONAL NAME
- Personal name: Kumar, Sateesh and Tiwari, Rambooshan
670 ## - SOURCE DATA FOUND
- Source citation: Work cat.: (OSt)520613: Kumar, Sateesh and Tiwari, Rambooshan , Evolution and growth of Chirimiri town: A critical appraisal of sustainability of colliery towns in 21st century India
